000 00392nam a22001697a 4500
003 OSt
008 250916b |||||||| |||| 00| 0 eng d
020 _a9789352640812
082 _a320.9546 DUK
100 _aDULAT,AS
245 _aKashmir the Vajpayee Years
250 _a1st
260 _aGurugram
_bHarper Collins
_c2016
300 _a341
700 _aSINHA,Aditya
942 _2ddc
_cREF
999 _c13728
_d13728